| 000 | 00402nam a22001457a 4500 | ||
|---|---|---|---|
| 082 |
_a546.8 _bASC/E |
||
| 100 | _aASCEND PUBLICATIONS | ||
| 245 | _aELEMENTS | ||
| 250 | _aFIRST EDITION | ||
| 260 |
_aKOTTAYAM _bASCEND PUBLICATIONS _c2006 |
||
| 300 | _a327 | ||
| 520 | _aAN INDISPENSABLE REFERENCE BOOK FOR THE STUDENTS OF CBSE, ICSE, SCERT SYLLABUS | ||
| 650 |
_aCHEMISTRY REFERENCE _zINDIA |
||
| 942 | _cBK | ||
| 999 |
_c1485 _d1485 |
||